书目信息 |
| 题名: |
地理建模原理与方法
|
|
| 作者: | 韦玉春 , 陈锁忠 编著 | |
| 分册: | ||
| 出版信息: | 北京 科学出版社 2005.02 |
|
| 页数: | 408页 | |
| 开本: | 24cm | |
| 丛书名: | 21世纪高等院校教材 | |
| 单 册: | ||
| 中图分类: | P208 | |
| 科图分类: | ||
| 主题词: | 地理信息系统--系统建模--高等学校--教材 | |
| 电子资源: | ||
| ISBN: | 7-03-014019-2 | |
| 000 | 01092nam 2200277 450 | |
| 001 | 0150481185 | |
| 005 | 20051207091727.15 | |
| 010 | @a7-03-014019-2@dCNY39.00 | |
| 100 | @a20050405d2005 km y0chiy0120 ea | |
| 101 | 0 | @achi |
| 102 | @aCN@b110000 | |
| 105 | @aa a 000yy | |
| 200 | 1 | @a地理建模原理与方法@Adi li jian mo yuan li yu fang fa@f韦玉春, 陈锁忠等编著@Fwei yu chun,chen suo zhong deng bian zhu |
| 210 | @a北京@c科学出版社@d2005.02 | |
| 215 | @a408页@c图@d24cm | |
| 225 | 2 | @a21世纪高等院校教材@i地理信息系统教学丛书 |
| 320 | @a有书目 (第403-408页)。 | |
| 330 | @a本书系统地讨论了地理模型构建的理论和方法,论述了地理模型的基本理论和构建的基本方法。全书主要包括地理模型的一般理论,地理模型的数据准备,不同地理模型的构建,模型的检验和精度分析,地理模型随机模型、空间。 | |
| 410 | 0 | @12001 @a21世纪高等院校教材 |
| 410 | 0 | @12001 @a地理信息系统教学丛书 |
| 606 | 0 | @a地理信息系统@x系统建模@x高等学校@x教材 |
| 690 | @aP208@v4 | |
| 701 | 0 | @a韦玉春@Awei yu chun@4编著 |
| 701 | 0 | @a陈锁忠@Achen suo zhong@4编著 |
| 801 | 0 | @aCN@bQSSK@c20051207 |
| 905 | @a10447@dP208@eW525 | |
| 地理建模原理与方法/韦玉春, 陈锁忠等编著.-北京:科学出版社,2005.02 |
| 408页:图;24cm.-(21世纪高等院校教材.地理信息系统教学丛书) |
| ISBN 7-03-014019-2:CNY39.00 |
| 本书系统地讨论了地理模型构建的理论和方法,论述了地理模型的基本理论和构建的基本方法。全书主要包括地理模型的一般理论,地理模型的数据准备,不同地理模型的构建,模型的检验和精度分析,地理模型随机模型、空间。 |
| ● |
| 相关链接 |
|
|
|
正题名:地理建模原理与方法
索取号:P208/W525
 
预约/预借
| 序号 | 登录号 | 条形码 | 馆藏地/架位号 | 状态 | 备注 |
| 1 | 545878 | 205458789 | 自科库401/401自科库 116排1列6层/ [索取号:P208/W525] | 在馆 | |
| 2 | 545879 | 205458798 | 自科库401/401自科库 116排1列6层/ [索取号:P208/W525] | 在馆 | |
| 3 | 545880 | 205458805 | 社科二线400B/400B社科库 1排3列3层/ [索取号:P208/W525] | 在馆 | |
| 4 | 562792 | 205627927 | 社科二线400B/400B社科库 1排3列3层/ [索取号:P208/W525] | 在馆 | |
| 5 | 562793 | 205627936 | 社科二线400B/400B社科库 1排3列3层/ [索取号:P208/W525] | 在馆 | |
| 6 | 562794 | 205627945 | 社科二线400B/400B社科库 5排1列5层/ [索取号:P208/W525] | 在馆 |